000 00827nam a2200241Ia 4500
003 OSt
005 20220926012203.0
006 a|||||r|||| 00| 0
007 ta
008 220923b |||||||| |||| 00| 0 eng d
020 _a1571813276
_c1185.02
037 _b41325, 10/07/2014, Segment Book Distrobutors
_cGeneral Book
040 _aRTL
_cRTL
_beng
041 _2eng
_aeng
082 _aY9(U8).4364, P3
100 _aYAMASHITA Shinji
_9315736
245 0 _aBali and beyond
_b Explorations in the anthropology of tourism. Tr with an introduction by J S Eades
260 _aNew York
_bBerghahn Books
_c2003
300 _axix, 175p
_ccm.
650 _aSociology
942 _hY9(U8).4364, P3
_cGB
_2CC
999 _c622001
_d622001